000 00510 c a2200145 4500
008 a040301n2002 mx 000 0 spa u
020 _a9681508637
050 _aF1230
_bD5 2002
100 _aDíaz del Castillo, Bernal
245 _aHistoria verdadera de la conquista de la Nueva España /
_cBernalDíaz del Castillo.
260 _aMéxico :
_bEditores Mexicanos Unidos., S.A.,
_c2002
300 _a773 p. :
_c18 cm.
650 _aMéxico
_xHistoria
_xDescubrimiento y conquista 1519-1540
942 _2lcc
_cLIB
999 _c52682
_d52682